Financial Management / (Record no. 2891)

000 -LEADER
fixed length control field 00738nam a2200277 a 4500
006 - FIXED-LENGTH DATA ELEMENTS--ADDITIONAL MATERIAL CHARACTERISTICS--GENERAL INFORMATION
fixed length control field a||||gr|||| 001 0
007 - PHYSICAL DESCRIPTION FIXED FIELD--GENERAL INFORMATION
fixed length control field ta
008 - FIXED-LENGTH DATA ELEMENTS--GENERAL INFORMATION
fixed length control field 190805r20212024xx a|||gr|||| 0|1 ||eng|d
020 ## - INTERNATIONAL STANDARD BOOK NUMBER
International Standard Book Number 9789390577255
Terms of availability Rs. 965.00
040 ## - CATALOGING SOURCE
Original cataloging agency IMU Kochi Library
Language of cataloging eng
041 0# - LANGUAGE CODE
Language code of text/sound track or separate title eng
044 ## - COUNTRY OF PUBLISHING/PRODUCING ENTITY CODE
MARC country code India
082 04 - DEWEY DECIMAL CLASSIFICATION NUMBER
Classification number 658.15
Item number P1923
Edition number 23
100 1# - MAIN ENTRY--PERSONAL NAME
Personal name Pandey, I. M.
245 10 - TITLE STATEMENT
Title Financial Management /
250 ## - EDITION STATEMENT
Edition statement 12th ed.
260 ## - PUBLICATION, DISTRIBUTION, ETC. (IMPRINT)
Place of publication, distribution, etc Noida :
Name of publisher, distributor, etc Pearson India Education Services Pv. Ltd.,
Date of publication, distribution, etc 2023, reprinted 2024
300 ## - PHYSICAL DESCRIPTION
Extent xxix, 1030 p. :
Other physical details ill.;
Dimensions 25 cm.
500 ## - GENERAL NOTE
General note Includes index.
650 #0 - SUBJECT ADDED ENTRY--TOPICAL TERM
Topical term or geographic name as entry element Finance, Personal
Form subdivision Textbooks
650 #0 - SUBJECT ADDED ENTRY--TOPICAL TERM
Topical term or geographic name as entry element Finance
Form subdivision Textbooks
852 ## - LOCATION/CALL NUMBER
Location IMU Kochi Library
904 ## - LOCAL DATA ELEMENT D, LDD (RLIN)
CATALOGER Rudra Ranjan
905 ## - LOCAL DATA ELEMENT E, LDE (RLIN)
VERIFIER Rudra Ranjan
942 ## - ADDED ENTRY ELEMENTS (KOHA)
Item type Books
Holdings
Withdrawn status Lost status Source of classification or shelving scheme Damaged status Not for loan Collection code Permanent location Current location Shelving location Date acquired Source of acquisition Cost, normal purchase price Total Checkouts Full call number Barcode Date last seen Date last borrowed Koha item type Public note Total Renewals
          Management Studies IMU Kochi Library IMU Kochi Library General Stacks 2024-03-18 M/s Technical Bureau India Pvt Ltd. (Inv. No. TB4115 Dt. 07-03-2024) 965.00 1 658.15 P1923 BK006371 2024-11-11 2024-10-30 Books Gen. Shelf-24, Row-2  
          Management Studies IMU Kochi Library IMU Kochi Library General Stacks 2024-03-18 M/s Technical Bureau India Pvt Ltd. (Inv. No. TB4115 Dt. 07-03-2024) 965.00 2 658.15 P1923 BK006372 2024-12-16 2024-12-13 Books Gen. Shelf-24, Row-2  
          Management Studies IMU Kochi Library IMU Kochi Library General Stacks 2024-03-18 M/s Technical Bureau India Pvt Ltd. (Inv. No. TB4115 Dt. 07-03-2024) 965.00 2 658.15 P1923 BK006373 2024-12-06 2024-12-02 Books Gen. Shelf-24, Row-2  
          Management Studies IMU Kochi Library IMU Kochi Library General Stacks 2024-03-18 M/s Technical Bureau India Pvt Ltd. (Inv. No. TB4115 Dt. 07-03-2024) 965.00 3 658.15 P1923 BK006374 2025-11-03 2025-10-16 Books Gen. Shelf-24, Row-2  
          Management Studies IMU Kochi Library IMU Kochi Library General Stacks 2024-03-18 M/s Technical Bureau India Pvt Ltd. (Inv. No. TB4115 Dt. 07-03-2024) 965.00 2 658.15 P1923 BK006375 2024-12-09 2024-11-22 Books Gen. Shelf-24, Row-2 1


Copyright © All Rights Reserved by Indian Maritime University, Kochi Campus.
For any Suggestions/Query Contact to library or Email: library.kochi@imu.ac.in Ph:(0484)-2989402
(Web OPAC Designed by Rudra Ranjan. Maintained by IMU Kochi Library)

Powered by Koha